Sueños de un seductor : Play It Again, Sam : teatro /

Gardado en:
Detalles Bibliográficos
Autor Principal: Allen, Woody (autor)
Outros autores: Sáenz de Heredia, Manuel (traducción) (traducción)
Formato: Libro
Idioma:Lingua castelá
Publicado: México : Tusquets, 2012, c2012
Series:(Fábula Tusquets ; Biblioteca Woody Allen) 242.
Temas:
Etiquetas: Engadir etiqueta
Sen Etiquetas, Sexa o primeiro en etiquetar este rexistro!

MARC

LEADER 00000nam^a2200000^a^4500
001 000352758
005 20250610110403.0
009 20260310115049.676
020 |a 978-607-421-144-3 
037 |a Acervo ITESO - Biblioteca 
041 |a ESP 
082 |a 812.  |b ALL 
100 |a Allen, Woody  |e (autor) 
240 1 1 |a [Sueños de un seductor] 
245 1 0 |a Sueños de un seductor :  |b Play It Again, Sam : teatro /  |c W. Allen ; tr. por M. Sáenz de Heredia. 
246 2 |a Título en la cubierta: Sueños de un seductor: teatro 
264 4 |a México :  |b Tusquets,  |c 2012, c2012 
300 |a 89 p. 
336 |a texto  |b txt  |2 rdacontenido 
337 |a sin mediación  |b n  |2 rdamedio 
338 |a volumen  |b nc  |2 rdasoporte 
440 1 |a (Fábula Tusquets ;  |v 242.  |p Biblioteca Woody Allen) 
500 |a Traducción de: Play It Again, Sam 
545 0 |a Nacido en 1935 en Nueva York en el seno de un familia judía centroeuropea, el norteamericano Woody Allen comenzó en 1967 su carrera como director de cine. Ubicadas plenamente en el ámbito de la comedia, las seis películas que integran su primera etapa como realizador le permiten crear un personaje que alcanza gran popularidad y se instala definitivamente en su filmografía: el hombre tímido con un marcado aire judío, obsesionado por el sexo y el psicoanálisis, que se entiende mal con las mujeres y la vida práctica. Annie Hall (1977) demarcará un nuevo rumbo en su obra -que conserva el humor como uno de sus principales elementos, pero sin empeñarse en hacer reir a toda costa- y le ubicará como uno de los principales autores surgidos en la industria norteamericana durante la década de 1970. A partir de entonces, Allen ha filmado, con total libertad, una película por año. Manhattan (1979), uno de sus mayores éxitos de crítica, cierra la primera etapa de su colaboración con la actriz Diane Keaton, protagonista también de Annie Hall. El período 1982-1992 comprende su fructífera relación creativa con Mia Farrow, que incluye títulos como La rosa púrpura de El Cairo (1984), Hannah y sus hermanas (1986), Crímenes y pecados (1989) y Maridos y esposas (1992). Allen ha mantenido su reputación como un guionista sumamente ingenioso y un agudo observador de las relaciones de pareja, que en el más reciente tramo de su carrera ha ofrecido títulos tan significativos como Los enredos de Harry (1997). 
586 |a Premio Príncipe de Asturias de las Artes 2002 
649 |a XX 
650 |a Fantasmas en la Literatura 
650 |a Parodias 
650 |a Comedia Norteamericana 
650 |a Cine en la Literatura 
650 |a Teatro Norteamericano 
650 |a Literatura Norteamericana -  |y Siglo XX 
650 |a Literatura y Cine 
650 |a Cortejo y Seducción -  |x Tema Principal 
650 |a Amor 
650 |a Relaciones de Pareja 
650 |a Relaciones Intergénero 
650 |a Bogart, Humphrey 
700 |a Sáenz de Heredia, Manuel  |e (traducción) 
910 |a Fondo General 
920 |a Impresos - Libros 
930 |a Colección General 
940 |a Literatura 
905 |a 101 
901 |a 0500244773  |b IT1  |c LIT  |i C145611  |u 20250521 
902 |a https://opac.biblio.iteso.mx/vufind/Record/000352758